000
00311nam a2200133Ia 4500
005
20251222143154.0
008
251222s9999||||xx |||||||||||||| ||spa||
020
_a
978-1-4058-7675-9
082
_a
818.5/G82
100
_a
Groom, Winston
245
0
_a
Forrest Gump
264
_b
Pearson Education
942
_c
LIB
999
_c
12799
_d
12799